Production(s) du populaire (Jacques MIGOZZI et Philippe LE GUERN, dir.) Boulevard du populaire (Jacques MIGOZZI) par Jean-Pierre BACOT (notice n° 1669805)

détails MARC
000 -LEADER
fixed length control field 02116cam a2200169 4500500
005 - DATE AND TIME OF LATEST TRANSACTION
control field 20260222011129.0
041 ## - LANGUAGE CODE
Language code of text/sound track or separate title fre
042 ## - AUTHENTICATION CODE
Authentication code dc
100 10 - MAIN ENTRY--PERSONAL NAME
Personal name Bacot, Jean-Pierre
Relator term author
245 00 - TITLE STATEMENT
Title Production(s) du populaire (Jacques MIGOZZI et Philippe LE GUERN, dir.) Boulevard du populaire (Jacques MIGOZZI) par Jean-Pierre BACOT
260 ## - PUBLICATION, DISTRIBUTION, ETC.
Date of publication, distribution, etc. 2005.<br/>
500 ## - GENERAL NOTE
General note 35
520 ## - SUMMARY, ETC.
Summary, etc. Suite à une recherche de type quantitatif et qualitatif effectuée auprès de 350 jeunes de la région du Grand Montréal (Québec-Canada) sur l’usage des TIC dans la vie quotidienne, l’article décrit le phénomène de réappropriation inter-technologique des appareils disponibles à la maison et analyse les pratiques transmédias. L’auteur met en lumière un phénomène singulier, la pratique télénaute, qu’il décrit comme l’usage en simultané de la télévision et de l’Internet. Comme on le sait, ces jeunes qui sont nés avec Internet et l’ordinateur font un usage des TIC fort différent de leurs aînés qui ont vécu à l’ère de la télévision. 40 % d’entre eux regardent la télévision en même temps qu’ils chattent, jouent ou recherchent de l’information sur Internet.
520 ## - SUMMARY, ETC.
Summary, etc. THE TELENAUT PHENOMENON OR TV/COMPUTER CONVERGENCE AMONG THE YOUTH This article draws on a quantitative and qualitative survey on 350 young people in the Montreal area of Quebec, Canada, concerning their day-to-day use of ICT. The author describes the phenomenon of inter-technological reappropriation of equipment available at home and analyses trans-media practices. He highlights a singular phenomenon in Telenauts’ practice: the simultaneous use of television and the Internet. As we know, young people born into a world with Internet and computers use ICT very differently from those that grew up in the age of television. 40% of them watch TV while chatting, playing or searching for information on the Internet.
786 0# - DATA SOURCE ENTRY
Note Réseaux | 129-130 | 1 | 2005-04-01 | p. 323b-345b | 0751-7971
856 41 - ELECTRONIC LOCATION AND ACCESS
Uniform Resource Identifier <a href="https://shs.cairn.info/revue-reseaux1-2005-1-page-323b?lang=fr&redirect-ssocas=7080">https://shs.cairn.info/revue-reseaux1-2005-1-page-323b?lang=fr&redirect-ssocas=7080</a>

Pas d'exemplaire disponible.

PLUDOC

PLUDOC est la plateforme unique et centralisée de gestion des bibliothèques physiques et numériques de Guinée administré par le CEDUST. Elle est la plus grande base de données de ressources documentaires pour les Étudiants, Enseignants chercheurs et Chercheurs de Guinée.

Adresse

627 919 101/664 919 101

25 boulevard du commerce
Kaloum, Conakry, Guinée

Réseaux sociaux

Powered by Netsen Group @ 2025